000
00275nam a2200121Ia 4500
008
190216s9999||||xx |||||||||||||| ||und||
100
_a
Philip Wayne
245
0
_a
Modern One Act Plays
260
_b
Longmans
_c
1967
300
_a
203p
650
_a
English Drama
942
_c
BK
999
_c
11868
_d
11868